000 00505nam a2200181Ia 4500
005 20250423101554.0
008 250422s9999 xx 000 0 und d
020 _a9788188458639
050 _aTK 7870.2 .S56/
100 _aSingh, Sudeep K.
245 0 _aTrouble shooting & maintenance of electronic equipments
260 _aNew delhi
260 _bS.K. kataria & sons
260 _c2015
300 _a191 p
650 _aElectronic apparatus and appliances--Maintenance and repair.
942 _cBK
999 _c36665
_d36665